La sociología actual : renovación y crítica /

El objetivo de esta obra es fundamentar una sociología reflexiva capaz de aprovechar el potencial liberador de la Sociología académica e integrarlo con las aportaciones más creativas de la teoría marxista. La obra abarca una temática que incluye un análisis de la sociología no valorativa, la evoluci...

Descripció completa

Guardat en:
Dades bibliogràfiques
Autor principal: Gouldner, Alvin W. (autor)
Format: Llibre
Idioma:espanyol
Publicat: Madrid, España : Alianza, 1979, c1979
Matèries:
Etiquetes: Afegir etiqueta
Sense etiquetes, Sigues el primer a etiquetar aquest registre!

MARC

LEADER 00000nam^a2200000^a^4500
001 000000201
005 20250521000000.0
009 20260310083019.864
020 |a 84-206-2240-0 
037 |a Acervo ITESO - Biblioteca 
041 |a ESP 
082 |a 300.  |b GOU 
100 |a Gouldner, Alvin W.  |e (autor) 
245 1 3 |a La sociología actual :  |b renovación y crítica /  |c A.W. Gouldner ; tr. por Néstor Míguez. 
264 4 |a Madrid, España :  |b Alianza,  |c 1979, c1979 
300 |a 429 p. 
336 |a texto  |b txt  |2 rdacontenido 
337 |a sin mediación  |b n  |2 rdamedio 
338 |a volumen  |b nc  |2 rdasoporte 
500 |a Traducción de: For Sociology - Renewal and Critique in Sociology Today 
520 |a El objetivo de esta obra es fundamentar una sociología reflexiva capaz de aprovechar el potencial liberador de la Sociología académica e integrarlo con las aportaciones más creativas de la teoría marxista. La obra abarca una temática que incluye un análisis de la sociología no valorativa, la evolución de la teoría sistemática, la reciprocidad y la autonomía en la teoría funcionalista, la crítica de Durkheim al socialismo y las aportaciones marxistas a la otros. 
649 |a XX 
650 |a Sociología -  |x Teoría 
650 |a Antropología 
650 |a Funcionalismo 
650 |a Marxismo 
910 |a Fondo General 
920 |a Impresos - Libros 
930 |a Colección General 
905 |a 101 
901 |a 0500104267  |b IT1  |c ACC  |u 20250521 
902 |a https://opac.biblio.iteso.mx/vufind/Record/000000201